书目信息 |
| 题名: |
电磁场、微波技术与天线
|
|
| 作者: | 黄冶 编著 | |
| 分册: | ||
| 出版信息: | 西安 西安电子科技大学出版社 2021.08 |
|
| 页数: | 260页 | |
| 开本: | 26cm | |
| 丛书名: | ||
| 单 册: | ||
| 中图分类: | O441.4-43 , O441.4-43 , O441.4-43 | |
| 科图分类: | ||
| 主题词: | 电磁场--dian ci chang--高等学校--教材 , 微波技术--wei bo ji shu--高等学校--教材 , 微波天线--wei bo tian xian--高等学校--教材 | |
| 电子资源: | ||
| ISBN: | 978-7-5606-6155-1 | |
| 000 | 01254nam0 2200313 450 | |
| 001 | 011025153445 | |
| 005 | 20221025153445.0 | |
| 010 | @a978-7-5606-6155-1@dCNY52.00 | |
| 100 | @a20201004d2021 em y0chiy0120 ea | |
| 101 | 0 | @achi |
| 102 | @aCN@b610100 | |
| 105 | @ay az 000yy | |
| 106 | @ar | |
| 200 | 1 | @a电磁场、微波技术与天线@Adian ci chang wei bo ji shu yu tian xian@f黄冶等编著 |
| 205 | @a第3版 | |
| 210 | @a西安@c西安电子科技大学出版社@d2021.08 | |
| 215 | @a260页@d26cm | |
| 300 | @a高等学校信息工程类系列教材 | |
| 304 | @a编著者还有:张建华、宋铮、唐伟 | |
| 320 | @a有书目(第360页) | |
| 330 | @a本书包含电磁场与电磁波、微波技术基础、天线与电波传播三部分内容。电磁场与电磁波部分介绍了矢量分析、电磁场基本方程、平面电磁波等内容;微波技术基础部分介绍了传输线理论、微波传输线、微波网络基础、微波元件等内容;天线与电波传播部分介绍了天线基础知识、简单线天线、宽频带天线、微带天线、面天线、电波传播等内容。 | |
| 606 | 0 | @a电磁场@Adian ci chang@x高等学校@j教材 |
| 606 | 0 | @a微波技术@Awei bo ji shu@x高等学校@j教材 |
| 606 | 0 | @a微波天线@Awei bo tian xian@x高等学校@j教材 |
| 690 | @aO441.4-43@v5 | |
| 690 | @aO441.4-43@v5 | |
| 690 | @aO441.4-43@v5 | |
| 701 | 0 | @a黄冶@Ahuang ye@4编著 |
| 905 | @a河南城建学院图书馆@dO441.4-43@eH911 | |
| 电磁场、微波技术与天线/黄冶等编著.-第3版.-西安:西安电子科技大学出版社,2021.08 |
| 260页;26cm |
| 高等学校信息工程类系列教材 |
| ISBN 978-7-5606-6155-1:CNY52.00 |
| 本书包含电磁场与电磁波、微波技术基础、天线与电波传播三部分内容。电磁场与电磁波部分介绍了矢量分析、电磁场基本方程、平面电磁波等内容;微波技术基础部分介绍了传输线理论、微波传输线、微波网络基础、微波元件等内容;天线与电波传播部分介绍了天线基础知识、简单线天线、宽频带天线、微带天线、面天线、电波传播等内容。 |
| ● |
| 相关链接 |
|
|
|
正题名:电磁场、微波技术与天线
索取号:O441.4-43/H911
 
预约/预借
| 序号 | 登录号 | 条形码 | 馆藏地/架位号 | 状态 | 备注 |
| 1 | 1588231 | 215882310 | 自科库401/401自科库 58排7列1层/ [索取号:O441.4-43/H911] | 在馆 | |
| 2 | 1588232 | 215882329 | 自科库401/401自科库 58排7列1层/ [索取号:O441.4-43/H911] | 在馆 |